| 000 | 00614cam a22002055a 4500 | ||
|---|---|---|---|
| 008 | 010109s1999 xxkd f u 000 0 eng d | ||
| 020 | _a0900953969 | ||
| 035 | _a(Sirsi) u110272 | ||
| 050 | 0 | 4 | _a697 $2 18 |
| 110 | 2 |
_aChartered Institution of Building Services Engineers _92360 |
|
| 245 | 0 | 0 |
_aEnvironmental design _bCIBSE guide A |
| 260 |
_aLondon _bCIBSE _c1999 |
||
| 300 |
_a1v. _fvarious pagings _bill. _c30cm. |
||
| 350 | _a110 | ||
| 490 |
_aCIBSE Guide _vA |
||
| 590 | _aSuperseded by seventh edition (ISBN 1903287669). | ||
| 651 | 4 |
_aUnited Kingdom _y |
|
| 690 |
_aBlock management _96220 |
||
| 942 | _n0 | ||
| 999 |
_c101083 _d101083 |
||